Chemistry: an experimental science
Збережено в:
| Автори: | , |
|---|---|
| Формат: | Книга |
| Мова: | Англійська |
| Опубліковано: |
Nueva York
Wiley
1989
|
| Предмети: | |
| Теги: |
Додати тег
Немає тегів, Будьте першим, хто поставить тег для цього запису!
|
MARC
| LEADER | 00000nam a2200000 a 4500 | ||
|---|---|---|---|
| 001 | UCV7019 | ||
| 003 | CL-VaPUC | ||
| 008 | 910506e19890000US |||||||||||||||||eng|d | ||
| 082 | 0 | 4 | |a 540 |b BOD |2 21 |
| 100 | 0 | |a Bodner, George M |e author |9 301001 | |
| 700 | 0 | |a Pardue, Harry L |e author |9 301002 | |
| 245 | 1 | 0 | |a Chemistry: an experimental science |
| 300 | |a 1039 p | ||
| 942 | |c BK | ||
| 945 | |d 19910506 00:00:00 | ||
| 260 | |a Nueva York |b Wiley |c 1989 | ||
| 650 | 0 | |a Química |9 259896 | |
| 583 | |a last modification |c 19910506 00:00:00 |k Rodrigo Vera | ||
| 999 | |c 212775 |d 212773 | ||
| 952 | |0 0 |1 0 |4 0 |6 540_000000000000000_BOD_1989 |7 0 |8 A |9 194379 |a BIBING |b BIBING |d 2019-11-14 |i 2625865 |o 540 BOD 1989 |p 2625865 |r 2025-01-20 |w 2019-11-14 |y BK |k EIQ | ||